000 00465nam a2200145 a 4500
008 120416s0000 ||||||||||||||||| || u
020 _a0340367598
050 _aPR 6053.L38M4
100 _aHaggard, William
245 1 4 _aThe meritocrats
260 _aLondon
_bHodder and Stoughton
_c1985
300 _a159p.
350 _a0.00
995 _D0.00
_FCBU-MAIN LIBRARY (Kitwe)
_H1
_I8.95
_M1
_UAVAILABLE
_ZFiction Collection
999 _c51007
_d51007